| 000 | 00668nam a2200229 i 4500 | ||
|---|---|---|---|
| 001 | 6902 | ||
| 003 | ES-MaACL | ||
| 005 | 20230906145122.0 | ||
| 007 | t| | ||
| 008 | 900712s1986 sp ||||1| spa d | ||
| 020 | _a84-345-8380-1 | ||
| 080 | _a53(09) | ||
| 100 | 1 |
_aGamow, George. _953809 |
|
| 245 | 1 | 0 |
_aBiografia de la fisica / _cGeorge Gamow. |
| 260 |
_aBarcelona : _bSalvat, _c1986. |
||
| 300 |
_aIX, 252 p. : _bil. ; _c19 cm. |
||
| 490 | 1 |
_aBiblioteca científica Salvat ; _v73 |
|
| 650 | 1 | 4 |
_aFísica- _xHistoria. _912882 |
| 830 | 0 |
_aBiblioteca científica Salvat ; _v73 _9177703 |
|
| 852 |
_aES-MaACL _jL-14156 _bR.117744 _z. - rust. |
||
| 999 |
_c6902 _d6902 |
||